Tři kamarádi

Bibliographic Details
Main Author: Remarque, Erich Maria, 1898-1970 (Author)
Format: Book
Language:Undetermined
PhysicalDescription:380 s.
Published: Praha Státní nakladatelství krásné literatury a umění 1962

MARC

LEADER 00000nam a2200000 a 4500
001 vtls001264742
003 SK-MaSNL
005 20260224104939.0
008 240315s1962 xx 0 und
035 |a SNK000215666 
040 |a SNK  |b slo  |c SNK  |e AACR2 
100 1 |a Remarque, Erich Maria,  |d 1898-1970  |4 aut 
245 1 |a Tři kamarádi 
260 |a Praha  |b Státní nakladatelství krásné literatury a umění  |c 1962 
300 |a 380 s. 
999 |c 970595  |d 972525 
952 |t P60, <04>, [BOOK], {604}  |a SNK  |b SNK  |y VYP  |7 0  |p 17A0016267  |o snkIC 30902  |0 0  |1 0  |4 0  |d 1996-10-30  |l 0  |r 2005-01-01 00:00:00  |w 2026-02-24 
952 |t P60, <04>, [BOOK], {604}  |a SNK  |b SNK  |y VYP  |7 0  |p 17A0211980  |o snkIC 30902 D1  |0 0  |1 1  |4 0  |d 1999-09-30  |l 0  |r 2005-01-01 00:00:00  |w 2026-02-24